00687nam a22001937a 450000500170000001000150001702000270003203500140005903700130007308200140008610000170010024500620011726000400017927000770021930000210029694200280031799900190034595201290036420180829152115.0 aENG-123790 a9789380317458c1450.00 aEN-107322 bDBAD/PUB a327.54051 aBahera, S.P. aA great asian rivalries china and india /cby S.P. Bahera aNew DelhibGaurav Book Centrec2017 a4832/24, Prahlad Lane, S-207, Ansari Road, Daryaganj,bNew Delhie110002 a303p.c22cm.(Hb) 2ddccENh327.54051mBAH c156599d156599 001040718NFICaDBADbBL1d2018-08-29eDBAD/PUBg1450.00l0o327.54051 BAHpEN-107322r2018-08-29 00:00:00t1v1450.00yEN